000
00303nam a22001337a 4500
008
170511b xxu||||| |||| 00| 0 eng d
020
_a
0327162082
041
_a
eng
080
_2
5th
_a
34
100
_a
15
101
_a
SHJ
245
_a
EVIDENTIARY FOUNDATIONS
_c
IMWINKELRIED , E.J
942
_2
udc
_c
BK
999
_c
13093
_d
13093